000
00253nam a2200097Ia 4500
001
798076
005
20250826170820.0
008
250824s9999 xx 000 0 und d
245
0
_a
SERMAYEM YOK DERDİMDEN BAŞKA
_c
SERDAR TUNCER
260
_b
KETEBE YAYINLARI
999
_c
798076
_d
798076